| 000 | 00330nam a2200133Ia 4500 | ||
|---|---|---|---|
| 005 | 20260328104308.0 | ||
| 008 | 260328s9999||||xx |||||||||||||| ||und|| | ||
| 100 | _aMaawaid, David | ||
| 245 | 0 |
_aTierras de Misión (Mission lands) / _cDavid Maawaid |
|
| 260 | _bHidalgo | ||
| 300 | _a86 p. | ||
| 650 | _aFOTOGRAFÍA | ||
| 942 | _cBK | ||
| 999 |
_c10831 _d10831 |
||